[Event "Velika Gorica op 5th"]
[Site "Velika Gorica"]
[Date "2005.08.24"]
[Round "6"]
[White "Jelecevic, Ivo"]
[Black "Cosic, Radoslav"]
[Result "0-1"]
[WhiteElo "2150"]
[BlackElo "2208"]
[PlyCount "122"]
[EventDate "2005.08.20"]
[EventType "swiss"]
[EventRounds "9"]
[EventCountry "CRO"]
[SourceTitle "CBM 108 Extra"]
[Source "ChessBase"]
[SourceDate "2005.11.04"]
[SourceVersion "1"]
[SourceVersionDate "2005.11.04"]
[SourceQuality "1"]

1. e4 b6 2. d4 Bb7 3. Bd3 e6 4. Be3 Nf6 5. f3 c5 6. Ne2 Qc8 7. Nd2 Nc6 8. c3 cxd4 9. Nxd4 Ne5 10. Be2 d5 11. Qa4+ Ned7 12. e5 Ng8 13. f4 a6 14. 0-0 b5 15. Qc2 g6 16. N2f3 Ne7 17. g4 h5 18. f5 gxf5 19. gxf5 Nc5 20. Ng5 exf5 21. Nxf5 Nxf5 22. Rxf5 Ne6 23. Rxf7 Nxg5 24. Rxf8+ Rxf8 25. Qg6+ Nf7 26. e6 Qc6 27. exf7+ Kd7 28. Qxh5 d4 29. Bg4+ Kd8 30. Qg5+ Kc7 31. Qe5+ Qd6 32. Qxd6+ Kxd6 33. Bxd4 Rxf7 34. h3 Rg8 35. Kh2 Rh7 36. Kg3 Rf7 37. Re1 Bd5 38. a3 Kc6 39. Re2 Rf6 40. Kh4 Rf7 41. Re5 Rh7+ 42. Rh5 Rxh5+ 43. Kxh5 Kd6 44. Kh4 Be6 45. Kg3 a5 46. Kf4 Rf8+ 47. Ke4 Bd5+ 48. Ke3 a4 49. Kd2 Bc6 50. Be2 Rf4 51. Be3 Rh4 52. Bg4 Bd7 53. Bg5 Rh7 54. Bf4+ Kc5 55. Kd3 Bxg4 56. hxg4 Rh4 57. Be3+ Kd5 58. g5 Rg4 59. Bd2 Rg3+ 60. Be3 Ke5 61. Kc2 Rxe3 0-1

[Event "Velika Gorica op 5th"]
[Site "Velika Gorica"]
[Date "2005.08.21"]
[Round "2"]
[White "Brkic, Ante"]
[Black "Cosic, Radoslav"]
[Result "1-0"]
[WhiteElo "2477"]
[BlackElo "2208"]
[PlyCount "119"]
[EventDate "2005.08.20"]
[EventType "swiss"]
[EventRounds "9"]
[EventCountry "CRO"]
[SourceTitle "CBM 108 Extra"]
[Source "ChessBase"]
[SourceDate "2005.11.04"]
[SourceVersion "1"]
[SourceVersionDate "2005.11.04"]
[SourceQuality "1"]

1. e4 b6 2. d4 Bb7 3. Bd3 e6 4. Nf3 Nf6 5. Qe2 c5 6. c3 d5 7. e5 Ne4 8. 0-0 Be7 9. Ne1 cxd4 10. cxd4 Nc6 11. Nc2 h6 12. f3 Ng5 13. Nc3 0-0 14. Kh1 f6 15. exf6 Rxf6 16. f4 Nf7 17. Be3 Nd6 18. Bf2 Qd7 19. Bh4 Rf7 20. Bxe7 Nxe7 21. Rae1 Rf6 22. Ne3 Raf8 23. g3 Nef5 24. Nc2 Nc4 25. Nd1 Ncd6 26. Nf2 h5 27. Kg1 Qe8 28. b3 Rg6 29. Nh3 Ne4 30. Ng5 Nxg5 31. fxg5 Rxg5 32. Qxe6+ Qxe6 33. Rxe6 Nxg3 34. Bh7+ Kxh7 35. Rxf8 Ne4+ 36. Kh1 Ba6 37. Re5 Rg4 38. Ne3 Rh4 39. Rf7 Rh3 40. Nf5 Kg6 41. Rxg7+ Kf6 42. Rc7 Rd3 43. Rc6+ Kg5 44. Ne3+ Kf4 45. Ng2+ Kf3 46. Ne1+ Kf4 47. Nxd3+ Bxd3 48. Rxh5 Be2 49. Rh4+ Ke3 50. Kg2 Bf3+ 51. Kf1 Kxd4 52. Rxe4+ Kxe4 53. Kf2 Bg4 54. Rg6 Bd1 55. Ke1 Bc2 56. Kd2 Bb1 57. h4 d4 58. h5 b5 59. Rg1 Bxa2 60. h6 1-0

[Event "Velika Gorica op 5th"]
[Site "Velika Gorica"]
[Date "2005.08.21"]
[Round "3"]
[White "Cosic, Radoslav"]
[Black "Hibner, Branko"]
[Result "0-1"]
[WhiteElo "2208"]
[BlackElo "2095"]
[PlyCount "100"]
[EventDate "2005.08.20"]
[EventType "swiss"]
[EventRounds "9"]
[EventCountry "CRO"]
[SourceTitle "CBM 108 Extra"]
[Source "ChessBase"]
[SourceDate "2005.11.04"]
[SourceVersion "1"]
[SourceVersionDate "2005.11.04"]
[SourceQuality "1"]

1. e4 g6 2. Bc4 e6 3. Nc3 Bg7 4. Nf3 Ne7 5. 0-0 0-0 6. Re1 a6 7. d4 b5 8. Bd3 Bb7 9. Bg5 f6 10. Bd2 d6 11. a4 b4 12. Ne2 a5 13. Nf4 Qd7 14. Bc4 d5 15. exd5 exd5 16. Bb3 Rf7 17. Ne6 Na6 18. h3 Nf5 19. Bf4 Nd6 20. Nd2 Re7 21. Nxg7 Kxg7 22. Qf3 Ne4 23. Nf1 c5 24. c3 bxc3 25. bxc3 cxd4 26. cxd4 Rc8 27. Re3 Nb4 28. Rae1 Nc2 29. Bxc2 Rxc2 30. Ng3 Qe8 31. Qg4 Kh8 32. Bd6 Re6 33. f3 Rxd6 34. fxe4 Re6 35. Rb3 Bc8 36. Qd1 Rc4 37. Rb5 dxe4 38. Rxa5 Qd7 39. Ra8 Qd5 40. Rb8 Kg7 41. Ne2 Rec6 42. Rb5 Qd6 43. Qb3 Ba6 44. Rb8 Rc2 45. d5 Rxe2 46. Rg8+ Kh6 47. Qd1 Rcc2 48. Rxe2 Rxe2 49. Qb3 e3 50. Rb8 Re1# 0-1

[Event "Velika Gorica op 4th"]
[Site "Velika Gorica"]
[Date "2004.08.27"]
[Round "9"]
[White "Cosic, Radoslav"]
[Black "Zarko, Ivica"]
[Result "1-0"]
[WhiteElo "2195"]
[BlackElo "2038"]
[PlyCount "102"]
[EventDate "2004.08.21"]
[EventType "swiss"]
[EventRounds "9"]
[EventCountry "CRO"]
[SourceTitle "EXT 2005"]
[Source "ChessBase"]
[SourceDate "2004.11.15"]
[SourceVersion "1"]
[SourceVersionDate "2004.11.15"]
[SourceQuality "1"]

1. e4 e5 2. Nf3 Nc6 3. Nc3 Nf6 4. g3 d6 5. Bg2 Be7 6. d4 exd4 7. Nxd4 Nxd4 8. Qxd4 0-0 9. Bf4 Be6 10. Rd1 Nd7 11. Nd5 Bxd5 12. Qxd5 Rb8 13. 0-0 Bf6 14. c3 Re8 15. h4 Nb6 16. Qb3 Qe7 17. Rfe1 Qe6 18. Qc2 Qc4 19. Bd2 Rbd8 20. b3 Qe6 21. Be3 Nd7 22. f4 b6 23. Kh2 Qe7 24. Bf2 Qf8 25. Bh3 Nb8 26. g4 g6 27. g5 Bg7 28. Qd3 a5 29. a3 Qe7 30. b4 axb4 31. axb4 Nd7 32. Qc4 Nf8 33. Kg2 Kh8 34. Bg4 f6 35. Rd3 h5 36. gxh6 Bxh6 37. Bg3 Ne6 38. Rf3 Ng7 39. Qd5 Qf8 40. f5 gxf5 41. Bxf5 Qg8 42. Bg6 Qxd5 43. exd5 Rxe1 44. Bxe1 Ne8 45. Bf2 Kg7 46. Bf5 Kf7 47. Be6+ Ke7 48. Bd4 Ra8 49. Rf2 Ra1 50. Re2 Bf4 51. Bf5+ Be5 1-0

[Event "Velika Gorica op 4th"]
[Site "Velika Gorica"]
[Date "2004.08.24"]
[Round "5"]
[White "Cosic, Radoslav"]
[Black "Ivekovic, Mario"]
[Result "1/2-1/2"]
[WhiteElo "2195"]
[BlackElo "2301"]
[PlyCount "102"]
[EventDate "2004.08.21"]
[EventType "swiss"]
[EventRounds "9"]
[EventCountry "CRO"]
[SourceTitle "EXT 2005"]
[Source "ChessBase"]
[SourceDate "2004.11.15"]
[SourceVersion "1"]
[SourceVersionDate "2004.11.15"]
[SourceQuality "1"]

1. e4 c5 2. b3 e6 3. Nc3 a6 4. a4 b6 5. g3 Bb7 6. Bg2 Nf6 7. Nge2 Qc7 8. d3 d6 9. 0-0 Be7 10. h3 Nc6 11. Be3 0-0 12. f4 Nd4 13. g4 Nxe2+ 14. Nxe2 Nd7 15. g5 d5 16. c4 dxe4 17. dxe4 Rad8 18. Qc2 Nb8 19. Rad1 Nc6 20. Qc3 Nb4 21. h4 Rxd1 22. Rxd1 Rd8 23. Rd2 Rxd2 24. Qxd2 Qd8 25. Qxd8+ Bxd8 26. e5 Bxg2 27. Kxg2 Nc6 28. Kf3 g6 29. Ke4 Kf8 30. Kd3 a5 31. Nc3 Ne7 32. Ne4 Nf5 33. Bf2 Be7 34. Nc3 Ke8 35. Ke4 Kd7 36. Ne2 Kc6 37. Kf3 Kd7 38. Kg4 Ke8 39. h5 Kd7 40. h6 Kc6 41. Kf3 Kd7 42. Ke4 Kc6 43. Kd3 Bd8 44. Nc3 Be7 45. Nb5 Bd8 46. Ke4 Be7 47. Be3 Bd8 48. Nc3 Be7 49. Nd1 Bd8 50. Nf2 Be7 51. Ng4 Bd8 1/2-1/2

[Event "Velika Gorica op 4th"]
[Site "Velika Gorica"]
[Date "2004.08.23"]
[Round "4"]
[White "Pavic, Jakov"]
[Black "Cosic, Radoslav"]
[Result "0-1"]
[WhiteElo "2020"]
[BlackElo "2195"]
[PlyCount "92"]
[EventDate "2004.08.21"]
[EventType "swiss"]
[EventRounds "9"]
[EventCountry "CRO"]
[SourceTitle "EXT 2005"]
[Source "ChessBase"]
[SourceDate "2004.11.15"]
[SourceVersion "1"]
[SourceVersionDate "2004.11.15"]
[SourceQuality "1"]

1. d4 g6 2. c4 Bg7 3. Nc3 d6 4. e4 f5 5. g3 Nc6 6. Nge2 e5 7. Be3 Nf6 8. Bg2 Ng4 9. 0-0 Nxe3 10. fxe3 0-0 11. d5 Ne7 12. exf5 Nxf5 13. Qd3 Bh6 14. Rf3 Bd7 15. e4 Ng7 16. Rxf8+ Qxf8 17. Rf1 Qe7 18. b4 Nh5 19. a4 a5 20. b5 b6 21. Nd1 Qg5 22. Kh1 Re8 23. Nf2 Rf8 24. Nh3 Rxf1+ 25. Bxf1 Qf6 26. Neg1 Qf7 27. Kg2 Nf6 28. Be2 g5 29. Nf2 g4 30. h3 gxh3+ 31. Ngxh3 Qg6 32. Qf3 Bd2 33. Bd3 Nh5 34. Be2 Nf6 35. Bd3 h5 36. Kh1 Kg7 37. Ng1 Qh6 38. Qg2 Be3 39. Nf3 Bc5 40. Nh4 Qc1+ 41. Bf1 Bxf2 42. Qxf2 Nxe4 43. Qg2 Qxf1+ 44. Qxf1 Nxg3+ 45. Kg2 Nxf1 46. Kxf1 Bg4 0-1

[Event "Pula op 18th"]
[Site "Pula"]
[Date "2004.06.25"]
[Round "8"]
[White "Cosic, Radoslav"]
[Black "Nikolov, Sasho"]
[Result "0-1"]
[WhiteElo "2173"]
[BlackElo "2392"]
[PlyCount "120"]
[EventDate "2004.06.19"]
[EventType "swiss"]
[EventRounds "9"]
[EventCountry "CRO"]
[SourceTitle "CBM 100 Extra"]
[Source "ChessBase"]
[SourceDate "2004.07.06"]
[SourceVersion "2"]
[SourceVersionDate "2004.07.06"]
[SourceQuality "1"]

1. e4 d6 2. d4 Nf6 3. f3 Nbd7 4. Ne2 e5 5. c3 d5 6. exd5 Nxd5 7. Qb3 c6 8. Na3 Be7 9. Bd2 0-0 10. 0-0-0 Re8 11. Nc4 exd4 12. cxd4 a5 13. a4 Bf8 14. Nc3 Nb4 15. h4 Nf6 16. Ne5 Be6 17. Bc4 Qxd4 18. Bxe6 Rxe6 19. f4 Nfd5 20. Nf3 Nd3+ 21. Kb1 Qb4 22. Qc2 Qc4 23. b3 Qa6 24. Nxd5 cxd5 25. Nd4 Re4 26. Nb5 Nb4 27. Bxb4 Rxb4 28. Rxd5 Qc6 29. Rd4 Rc8 30. Qxc6 Rxc6 31. Rxb4 axb4 32. Rd1 Rg6 33. Rd7 b6 34. Rd8 Rxg2 35. Nc7 g6 36. Rb8 h5 37. Nd5 Kg7 38. Rxb6 Rd2 39. Rb5 Kh6 40. Kc1 Rh2 41. Rb8 Bg7 42. Rxb4 Rxh4 43. Re4 Rh1+ 44. Kd2 Ra1 45. Ke2 h4 46. Kf2 f5 47. Rc4 Ra2+ 48. Kf3 Ra3 49. Rb4 Ra1 50. Kg2 Rd1 51. Ne3 Rd2+ 52. Kh1 Kh5 53. Rb7 Bh6 54. Rh7 Rd3 55. Nc4 Rxb3 56. Ne5 Rb6 57. Nf7 Kg4 58. Rxh6 Kg3 59. Rxg6+ Rxg6 60. Ne5 Rb6 0-1